Európska integrácia v hypotekárnom bankovníctve
Vývoj na európskom hypotekárnom trhu po zavedení spoločnej meny a stanovení jednotných úrokových sadzieb Európskou centrálnou bankou. Konvergencia hypotekárnych úrokových sadzieb. Štruktúra hypotekárneho trhu, rozdiely v cenovej úrovni a vo výkonnosti trhov. Prekážky, ktoré brzdia rozvoj cezhraničné...
Guardado en:
| Autor principal: | |
|---|---|
| Formato: | Capítulo de libro |
| Lenguaje: | eslovaco |
| Materias: | |
| Etiquetas: |
Sin Etiquetas, Sea el primero en etiquetar este registro!
|
MARC
| LEADER | 00000naa$a2200000$$$4500 | ||
|---|---|---|---|
| 001 | 0023041 | ||
| 005 | 20221128110410.8 | ||
| 041 | 0 | |a slo | |
| 044 | |a SK | ||
| 245 | 1 | 0 | |a Európska integrácia v hypotekárnom bankovníctve |c Viktória Múčková |
| 520 | |a Vývoj na európskom hypotekárnom trhu po zavedení spoločnej meny a stanovení jednotných úrokových sadzieb Európskou centrálnou bankou. Konvergencia hypotekárnych úrokových sadzieb. Štruktúra hypotekárneho trhu, rozdiely v cenovej úrovni a vo výkonnosti trhov. Prekážky, ktoré brzdia rozvoj cezhraničného hypotekárneho obchodovania. Európsky hypotekárny trh v rokoch 2003 a 2004 (hypotekárne úverové sadzby, ceny nehnuteľností, úverové riziko, hypotekárne úvery). | ||
| 610 | 2 | 0 | |a bankovníctvo hypotekárne |
| 610 | 2 | 0 | |a integrácia menová |
| 610 | 2 | 0 | |a sadzby úrokové |
| 610 | 2 | 0 | |a trh hypotekárny |
| 610 | 2 | 0 | |a konvergencia |
| 610 | 2 | 0 | |a Európska únia |
| 610 | 2 | 0 | |a ceny |
| 610 | 2 | 0 | |a nehnuteľnosti |
| 610 | 2 | 0 | |a úver hypotekárny |
| 610 | 2 | 0 | |a riziko úverové |
| 100 | 1 | |a Múčková, Viktória | |